000 00274nam a2200109Ia 4500
008 200302s9999 xx 000 0 und d
100 _aChristopher Benninger
245 _aLeters to A Young Architect
260 _bIndia House art Gallery
260 _c2011
300 _a317 P.,
999 _c5865
_d5865